000 01142nam a2200313 i 4500
001 768714001
003 CO-MdFUSB
005 20240715124818.0
007 ta
008 230417t2013 ck |||| |||| 00| 0 spa d
020 _a9789584635273
040 _aCO-MdFUSB
_bspa
_cCO-MdFUSB
_dCO-MdFUSBC
_erda
041 _aspa
082 _223
_a251
_bC112
100 _aCaballero Doria, Jovanni,
_eautor
245 1 3 _aEl valor de predicar :
_bconsejos para un amigo predicador
_c/ Jovanni Caballero Doria
264 1 _aSincelejo, Sucre, Colombia :
_bGráficas Leantad,
_c[2013]
264 4 _c© 2013
300 _a110 páginas
_c; 21 cm
336 _2rdacontent
_atexto
_btxt
337 _2rdamedia
_asin mediación
_bn
338 _2rdacarrier
_avolumen
_bnc
500 _aEl autor es egresado del Seminario Bíblico de Colombia
505 _aEl encuentro. -- El centro. -- El puente y el presente. -- La forma. -- El todo. -- La pastoral. -- Las disciplinas. -- Los peligros. -- El humor. -- El itinerario. -- El modelo. -- Aclaración de términos.
563 _aRústico
650 0 _954
_aPredicación
942 _cBK
945 _aJTF-925
999 _c68725
_d68725